|
|
|
|
| LEADER |
00000nab a2200000 a 4500 |
| 001 |
vtls000513246 |
| 003 |
SK-MaSNL |
| 005 |
20260304090435.0 |
| 008 |
250425c1994 xo 0 slo |
| 015 |
|
|
|a SNBRB19rr/mm-uuuuu
|
| 035 |
|
|
|a CL0513384
|
| 035 |
|
|
|a urn:nbn:sk:snk-ab7h8b
|
| 035 |
|
|
|a (urnnbn)urn:nbn:sk:snk:ar-005sca
|
| 035 |
|
|
|a (uuid)0491f424-e4e0-4eb4-9e00-20bac87148f2
|
| 040 |
|
|
|a SNKBUCL
|b slo
|c SNKBUCL
|e AACR2
|
| 041 |
0 |
|
|a slo
|
| 044 |
|
|
|a xo
|c SK
|
| 080 |
|
|
|a 930.253(437.6)
|2 1981
|
| 100 |
1 |
|
|a Valková, Paulína
|4 aut
|9 821935
|
| 245 |
1 |
0 |
|a Štátny okresný archív v Martine v novej účelovej budove
|c Paulína Valková
|
| 300 |
|
|
|b Fotogr. 1
|
| 650 |
0 |
7 |
|a Štátny okresný archív (Martin, Slovensko)
|2 snkbucl
|9 1278566
|
| 655 |
|
7 |
|a články z novín a časopisov
|2 snkbucl
|9 267496
|
| 773 |
0 |
|
|t Slovenská archivistika
|g Roč. 29, č. 1 (1994), s. 147-176
|x 49 606
|
| 850 |
|
|
|a Slovenská národná knižnica
|
| 852 |
|
|
|a Slovenská národná knižnica
|
| 954 |
|
|
|a odborná, vedecká literatúra pôvodná (slovenská)
|2 lita
|
| 957 |
|
|
|a 5306
|
| 958 |
|
|
|a article7
|
| 958 |
|
|
|a OND
|
| 958 |
|
|
|a RK
|
| 958 |
|
|
|a EUIPO
|
| 992 |
|
|
|a RBX
|
| 999 |
|
|
|c 2811474
|d 2813404
|